000
00293nam a22001337a 4500
008
180927b xxu||||| |||| 00| 0 eng d
020
_a
9780691019789
041
_a
eng
080
_a
810
100
_a
21
101
_a
GJL
245
_a
A kierkegaard anthology
_c
Bretall,R
942
_2
udc
_c
BK
999
_c
48563
_d
48563